Ο Νείλος The Nile.
Σε μήκος 4.000 μιλίων, από τις πηγές του στην καρδιά της Αφρικανικής ηπείρου μέχρι τις εκβολές του στη Μεσόγειο Θάλασσα, ο ποταμός Νείλος ρέει αδιάκοπα, εδώ και χιλιάδες χρόνια, "ποτίζοντας" με τη μεγαλοπρεπή ομορφιά του, τους απρόβλεπους κινδύνους που κρύβει, τα σημάδια των αρχαίων πολι...
Αποθηκεύτηκε σε:
| Συλλογικό Έργο: | , , |
|---|---|
| Άλλοι συγγραφείς: | , |
| Μορφή: | |
| Γλώσσα: | English Greek |
| Δημοσίευση: |
New York : Αθήνα :
Warner Home Video, Audio Visual Enterprises,
1990.
|
| Σειρά: | Η οδύσσεια του Κουστώ
|
| Θέματα: | |
| Ετικέτες: |
Προσθήκη ετικέτας
Δεν υπάρχουν, Καταχωρήστε ετικέτα πρώτοι!
|
MARC
| LEADER | 00000cgm a2200000 i 4500 | ||
|---|---|---|---|
| 001 | 1/69714 | ||
| 008 | 050120s1990####us ||| | || ||eng|| | ||
| 035 | |l 10076023 | ||
| 040 | |a GR-MY-UA |b gre |e aacr | ||
| 041 | 0 | |a eng |j gre | |
| 082 | 0 | |a 962 |2 (22) | |
| 245 | 1 | 2 | |a Ο Νείλος |h [μαγνητοσκόπηση] = |b The Nile. |
| 246 | 1 | |i Παράλληλος τίτλος: |a The Nile | |
| 260 | |a New York : |a Αθήνα : |b Warner Home Video, |b Audio Visual Enterprises, |c 1990. | ||
| 300 | |a 1 βιντεοκασέτα (112 λεπτ.) : |b ομιλ., έγχρ. ; |c 1/2 ίν. | ||
| 490 | 1 | |a Η Οδύσσεια του Κουστώ | |
| 508 | |a Εκτέλεση παραγωγής Ζακ Κουστώ και Φίλιπ Κουστώ; Σενάριο Θηοντόρ Στράους. | ||
| 511 | 0 | |a Αφηγητής Θηοντόρ Στράους; Σύνθεση και διεύθυνση μουσικής Ζώρζ Ντέλερυ. | |
| 520 | |a Σε μήκος 4.000 μιλίων, από τις πηγές του στην καρδιά της Αφρικανικής ηπείρου μέχρι τις εκβολές του στη Μεσόγειο Θάλασσα, ο ποταμός Νείλος ρέει αδιάκοπα, εδώ και χιλιάδες χρόνια, "ποτίζοντας" με τη μεγαλοπρεπή ομορφιά του, τους απρόβλεπους κινδύνους που κρύβει, τα σημάδια των αρχαίων πολιτισμών που περιβάλλει και τον ανεξερεύνητο φυσικό και ζωικό πλούτο του, τη φαντασία των ανθρώπων... Ένας μοναδικός διάπλους από την Ουγκάντα, στο Χαρτούμ και την Αίγυπτο, που σου κόβει την ανάσα! Με την καθοδήγηση του πιο διάσημου "Θαλασσοπόρου" του 20ου αιώνα, Ζακ-Υβ Κουστώ. | ||
| 538 | |a VHS format. | ||
| 600 | 1 | 0 | |a Cousteau, Jacques, |d 1910-1997. |
| 651 | 0 | |a Nile River |x Pictorial works. | |
| 651 | 0 | |a Nile River |x Discovery and exploration. | |
| 651 | 0 | |a Egypt |x Description and travel. | |
| 700 | 1 | |a Cousteau, Philippe. |4 pro | |
| 700 | 1 | |4 pro |a Cousteau, Jacques, |d 1910-1997. | |
| 710 | 1 | |a Cousteau Society. | |
| 710 | 2 | |a Warner Home Video (Firm) | |
| 710 | 2 | |a KCET (Television station : Los Angeles, Calif) | |
| 830 | 0 | |a Η οδύσσεια του Κουστώ | |
| 852 | |a INST |b LESVOS |c AV |e 20050120 |h 962 ΝΕΙ |p 005100030282 |q 005100030282 |t VC |y 23 | ||
| 901 | |a BIBL1-2005-1 | ||
| 922 | |a 1ΕΛΗ |b 200403 |c ΤΑΚ/ΚΥΒ |d VIDEO ΛΕΣΧΗ | ||
| 970 | |a ΜΑΡΙΝΑΤΟΥ |b ΜΥΡΣΙΝΗ |z 2005/01/20 | ||